[Event "First Saturday 2010 julius FM-A"]
[Site "Budapest"]
[Date "2010.07.13"]
[Round "11"]
[White "Agu, Uche"]
[Black "Tran, Minh Thang"]
[Result "1/2-1/2"]
[WhiteElo "2029"]
[BlackElo "2032"]
[PlyCount "28"]
[EventDate "2010.07.03"]

1. d4 d5 2. Nc3 c6 3. Bf4 Bf5 4. e3 Nd7 5. Bd3 Bxd3 6. cxd3 Qb6 7. Qd2 e6 8.
Nge2 Ngf6 9. e4 c5 10. exd5 exd5 11. dxc5 Bxc5 12. d4 Bb4 13. Qe3+ Qe6 14. O-O
O-O 1/2-1/2

[Event "First Saturday 2010 julius FM-A"]
[Site "Budapest"]
[Date "2010.07.13"]
[Round "11"]
[White "Zala, Gyula"]
[Black "Gal, Janos"]
[Result "1-0"]
[WhiteElo "2067"]
[BlackElo "1965"]
[PlyCount "105"]
[EventDate "2010.07.03"]

1. e4 e6 2. a3 d5 3. e5 c5 4. b4 Nc6 5. f4 cxb4 6. axb4 Bxb4 7. c3 Bc5 8. d4
Bb6 9. Nf3 Nge7 10. Bd3 h6 11. O-O a6 12. Ra2 Na5 13. g4 Bd7 14. f5 exf5 15.
Nh4 Nac6 16. Kh1 g5 17. Nxf5 Nxf5 18. gxf5 Nxe5 19. dxe5 d4 20. c4 Bc6+ 21. Kg1
Qc7 22. Ba3 O-O-O 23. Bd6 Rxd6 24. exd6 Qxd6 25. Re2 g4 26. Nd2 g3 27. h3 g2
28. Rff2 Qg3 29. Ne4 Bxe4 30. Rxe4 Rg8 31. Qf3 Qg5 32. Re1 Qh4 33. Rb1 Rg3 34.
Qe4 Qxh3 35. Rxg2 Rxg2+ 36. Qxg2 Qe3+ 37. Qf2 Qxd3 38. Rxb6 Qxc4 39. Qf3 Qc1+
40. Kg2 Qg5+ 41. Kh3 Qe3 42. Qxe3 dxe3 43. Rb3 b5 44. Kg3 Kc7 45. Kf3 Kd6 46.
Rxe3 Kc5 47. Ke2 a5 48. Kd2 Kd4 49. Re7 f6 50. Re6 h5 51. Rxf6 h4 52. Rh6 Ke5
53. Rxh4 1-0

[Event "First Saturday 2010 julius FM-A"]
[Site "Budapest"]
[Date "2010.07.13"]
[Round "11"]
[White "Gruz, Janos"]
[Black "Kalmar, Karoly"]
[Result "1/2-1/2"]
[WhiteElo "1933"]
[BlackElo "1993"]
[PlyCount "22"]
[EventDate "2010.07.03"]

1. d4 d5 2. Nf3 Nf6 3. Bf4 Bf5 4. e3 h6 5. Bd3 Bxd3 6. Qxd3 e6 7. c3 Bd6 8.
Bxd6 Qxd6 9. Qb5+ Qc6 10. Qxc6+ Nxc6 11. O-O O-O 1/2-1/2

[Event "First Saturday 2010 julius FM-A"]
[Site "Budapest"]
[Date "2010.07.13"]
[Round "11"]
[White "Kis, Bela"]
[Black "Mayer, Istvan"]
[Result "1/2-1/2"]
[WhiteElo "2087"]
[BlackElo "2120"]
[PlyCount "32"]
[EventDate "2010.07.03"]

1. e4 e6 2. d3 d5 3. Nd2 Nf6 4. Ngf3 Be7 5. g3 dxe4 6. dxe4 Bc5 7. Bg2 Nc6 8.
O-O e5 9. c3 Qd3 10. Ne1 Qd6 11. b4 Bb6 12. a4 a5 13. b5 Ne7 14. Ba3 Bc5 15.
Bxc5 Qxc5 16. Nd3 Qxc3 {after 33 move} 1/2-1/2